| 000 -LEADER |
| fixed length control field |
00614nam a22001817a 4500 |
| 003 - CONTROL NUMBER IDENTIFIER |
| control field |
OSt |
| 005 - DATE AND TIME OF LATEST TRANSACTION |
| control field |
20251022154112.0 |
| 008 - FIXED-LENGTH DATA ELEMENTS--GENERAL INFORMATION |
| fixed length control field |
251022t2009 xxua|||jr|||| 00| j fil | |
| 040 ## - CATALOGING SOURCE |
| Transcribing agency |
csuc |
| 082 ## - DEWEY DECIMAL CLASSIFICATION NUMBER |
| Edition number |
23 |
| Classification number |
899.2113 |
| Item number |
C744i |
| 100 1# - MAIN ENTRY--PERSONAL NAME |
| Personal name |
Concepcion, Ofelia |
| 245 ## - TITLE STATEMENT |
| Title |
Ang awit ng ibong adarna / |
| Statement of responsibility, etc |
muling isinulat ni Ofelia Concepcion ; guhit ni Joey Celerio. |
| 260 ## - PUBLICATION, DISTRIBUTION, ETC. (IMPRINT) |
| Place of publication, distribution, etc |
[place of publication not identified] : |
| Name of publisher, distributor, etc |
[name of publisher not identified] , |
| Date of publication, distribution, etc |
c2009. |
| 300 ## - PHYSICAL DESCRIPTION |
| Extent |
11 pages : |
| Other physical details |
illustrations ; |
| Dimensions |
28 cm. |
| 650 ## - SUBJECT ADDED ENTRY--TOPICAL TERM |
| Topical term or geographic name as entry element |
Tales |
| Geographic subdivision |
Philippines. |
| 700 1# - ADDED ENTRY--PERSONAL NAME |
| Personal name |
Celerio, Joey |
| Relator term |
illustrator. |
| 942 ## - ADDED ENTRY ELEMENTS (KOHA) |
| Source of classification or shelving scheme |
|
| Koha item type |
Books |